LEADER 01221nam a2200265 i 4500 001 000000157040 003 CaOOAMICUS 005 20080108000000.0 008 080108s1987 it u000 u ita u 013 $a134395 040 $aSeMil$bita 100 1 $aBologna, Giulia,$d<1926- >.$0(OLS)http://semarc/name/949 245 10$aSplendori di sacre scritture dalla Trivulziana :$b[Note e Commenti] /$cDi Giulia Bologna. 260 $a[Milano] :$bBiblioteca Trivulziana,$c1987. 260 $a[Milano] :$bComune di Milano,$c1987. 300 $a30 p. ;$c36 cm. 500 $aIn custodia con : "Riproduzioni in facsimile". - Fondo Card. Giovanni Colombo. 650 4$aMilano - Archivio storico civico e Biblioteca Trivulziana.$0(OLS)http://semarc/subject/12525 850 $aSeMil 852 $aSeMil$W1$xVenegono$y1$m5I IX 49/1$j108769$B108769$CSeMilBibl$Z2$F130296 $81 941 1 $a3 961 $aLascito: Colombo Card. Giovanni 996 $6245$aSplendori di sacre scritture dalla Trivulziana :$b[Note e Commenti]$9(OLS)http://semarc/title/230278 996 $6260$a[Milano] :$bComune di Milano$9(OLS)http://semarc/publisher/33024 996 $6260$a[Milano] :$bBiblioteca Trivulziana$9(OLS)http://semarc/publisher/33025 LEADER 00732nam a2200193 i 4500 001 000000015115 003 CaOOAMICUS 005 20180830125442.0 008 180830n it u000 u ita u 040 $aSeMil$bita 100 1 $aArena, Celestino.$0(OLS)http://semarc/name/6961 245 10$aFinanza pubblica /$cCelestino Arena. 260 $aTorino :$bUTET,$c[196-?] 300 $av. ;$c25 cm. 773 0 $tTrattato italiano di economia.$dTorino : Unione Tipografico-Editrice Torinese, [196-?]$w()14865 774 0 $aArena, Celestino$tParti speciali.$g2$w()220789 774 0 $tParti generali.$g1$w()220795 996 $6245$aFinanza pubblica$9(OLS)http://semarc/title/20036 996 $6260$aTorino :$bUTET$9(OLS)http://semarc/publisher/29621